| 000 | 01459cam a22004217a 4500 | ||
|---|---|---|---|
| 003 | CHAP | ||
| 005 | 20220817044300.0 | ||
| 008 | 090811s2006 it rnf 00010 eng d | ||
| 010 | _a96552 | ||
| 011 | _a97524 | ||
| 020 | _a9789251057001 | ||
| 035 | _a108192 | ||
| 040 | _cCHAP | ||
| 082 | 0 | 0 | _a641.30218 F26yMan. 2006 |
| 110 | 2 |
_aFAO. Comisión del Codex Alimentarius _939482 |
|
| 245 | 1 | 0 |
_aProcedural manual _c/by FAO. Comisión del Codex Alimentarius |
| 254 | _a16 ed. | ||
| 260 |
_aRome : _bFAO, _c2006 |
||
| 300 | _a167 p. | ||
| 490 | 0 | _aPrograma conjunto FAO/OMS sobre normas alimentarias | |
| 590 |
_aBATCH-UPD _b10 _c20130110 _lUCH01 _h1151 |
||
| 590 |
_aBATCH-UPD _b10 _c20130410 _lUCH01 _h0735 |
||
| 590 |
_aBATCH-UPD _b10 _c20130913 _lUCH01 _h2017 |
||
| 590 |
_aCONVERSION _b10 _c20130109 _lUCH01 _h1353 |
||
| 650 | 1 | 4 |
_aAditivos alimenticios. _9907 |
| 650 | 1 | 4 |
_aAlimentos _xAnálisis. _94164 |
| 650 | 1 | 4 |
_aAlimentos _xEtiquetado. |
| 650 | 1 | 4 |
_aAlimentos _xExportación. _94222 |
| 650 | 1 | 4 |
_aAlimentos _xHigiene. _94224 |
| 650 | 1 | 4 |
_aAlimentos _xInspección. _94239 |
| 650 | 1 | 4 |
_aAlimentos _xNormas de calidad. _94256 |
| 650 | 1 | 4 |
_aManuales de procedimientos. _970675 |
| 650 | 1 | 4 |
_aResíduos químicos _xEfecto en alimentos. _996150 |
| 830 | 0 |
_aPrograma conjunto FAO/OMS sobre normas alimentarias _992254 |
|
| 901 | _aBK | ||
| 942 | _cLIBRO | ||
| 949 |
_a641.30218 F26yMan. 2006 _bBC _cFAO _d33724002086454 _eFAO1 _gDonaciØn _h110787 _i108192 _sb |
||
| 999 |
_c96552 _d96552 |
||